书目信息 |
| 题名: |
milan design week 2013
|
|
| 作者: | ashley song | |
| 分册: | ||
| 出版信息: | 2013 |
|
| 页数: | 400页 | |
| 开本: | 32cm | |
| 丛书名: | ||
| 单 册: | ||
| 中图分类: | J51 | |
| 科图分类: | ||
| 主题词: | 图案学 | |
| 电子资源: | ||
| ISBN: | 978-988-12-2317-3 | |
| 000 | 00437nam0 2200181 45 | |
| 001 | 1556558974 | |
| 005 | 20150908154638.53 | |
| 010 | @a978-988-12-2317-3@dRMB 398.00 | |
| 100 | @a20150908d2013 km y0chiy0120 ea | |
| 101 | 0 | @achi |
| 200 | 1 | @amilan design week 2013@fashley song |
| 210 | @d2013 | |
| 215 | @a400页@d32cm | |
| 606 | 0 | @a图案学 |
| 690 | @aJ51@v4 | |
| 701 | 0 | @aashley song |
| 801 | 0 | @aCN@bPFT@c20150908 |
| 905 | @a10447@dJ51@e1 | |
| milan design week 2013/ashley song.-2013 |
| 400页;32cm |
| ISBN 978-988-12-2317-3:RMB 398.00 |
| ● |
| 相关链接 |
|
|
|
正题名:milan design week 2013
索取号:J51/1
 
预约/预借
| 序号 | 登录号 | 条形码 | 馆藏地/架位号 | 状态 | 备注 |
| 1 | 497592 | 204975928 | 建筑与城市规划学院资料室/ [索取号:J51/1] | 在馆 |